Přehled dějin Československa 1/2 : 1526-1848

Enregistré dans:
Détails bibliographiques
Format: Livre
Langue:tchèque
Publié: Praha : Academia, 1982
Sujets:
Tags: Ajouter un tag
Pas de tags, Soyez le premier à ajouter un tag!

MARC

LEADER 00000nam a22000003a 4500
001 stu40792
005 20150408180541.6
008 930528s1982----cs------------------cze-d
040 |a STU  |b slo 
041 0 |a cze 
044 |a cs 
080 |a 943.7 
245 |a Přehled dějin Československa 1/2 :  |b 1526-1848 
260 |a Praha :  |b Academia,  |c 1982 
300 |a 648 s 
650 7 |a ČSSR  |2 stusub 
650 7 |a dejiny  |2 stusub 
996 |b 284V028663  |c V*23653/E-1142  |l VVT  |s A  |a 24  |w stu40792_0001 
996 |b 284M019565  |c M*2617/1/2-1  |l MMKN  |s A  |a 24  |w stu40792_0002